000 00307nam a22001337a 4500
008 170209b xxu||||| |||| 00| 0 eng d
020 _a9780136061328
041 _aeng
080 _25ED
_a61
100 _a4
101 _aSHM
245 _aGENDER IN CROSS CULTURAL PRESPEVCTIVE
_cBRENTTELL
942 _2udc
_cBK
999 _c5038
_d5038